Where is the City on the Country Map? - Multiple Choice #2 - Statistics

General Stats
  • This quiz has been taken 131 times
  • The average score is 11 of 15
Answer Stats
Question Answer % Correct
Atlanta, United States
99%
Marseille, France
96%
Osaka, Japan
88%
Valencia, Spain
87%
Alexandria, Egypt
86%
Kano, Nigeria
75%
Innsbruck, Austria
71%
Busan, South Korea
71%
Surabaya, Indonesia
65%
Antalya, Turkey
62%
Chittagong, Bangladesh
62%
Rosario, Argentina
61%
Kraków, Poland
57%
Ghent, Belgium
54%
Fez, Morocco
54%
No matching quizzes found
Score Distribution
Percent of People with Each Score
Percentile by Number Answered
Your Score History
You have not taken this quiz